| 000 | 00482cam a2200181ua 4500 | ||
|---|---|---|---|
| 020 | _c15.00 | ||
| 041 |
_aeng _h |
||
| 082 |
_a537.243 _bFEV/DI |
||
| 100 | _aFevre, Lee.R.J.W . | ||
| 245 |
_aDipole moments : Their measurement and application in chemistry / _cR.J.W.Lee Fevre. _hTextual Documents |
||
| 250 |
_a3 / _b. |
||
| 260 |
_aLondon : _bMethuen and Co. Ltd , _c1964. |
||
| 300 | _a140 ; . | ||
| 365 | _a15.00 | ||
| 504 | _a | ||
| 942 | _cBK | ||
| 999 |
_c1842 _d1842 |
||